Avrupa insan hakları mahkemesi Türkiye kararları Cilt: 1 : (Record no. 15410)

MARC details
000 -BAŞLIK
Sabit Uzunlukta Kontrol Alanı 00787nam a22002297a 4500
999 ## - SİSTEM KONTROL NUMARALARI (KOHA)
Koha Biblionumber 15410
Koha Biblioitemnumber 15410
003 - KONTROL NUMARASI IDENTIFIER
Denetim Alanı MIRAKIL
005 - SON İŞLEM TARİHİ VE ZAMANI
Denetim Alanı 20240215105559.0
008 - SABİT-BOY VERİ ELEMANLARI - GENEL BİLGİLER
Sabit Uzunlukta Kontrol Alanı 240215b tu ||||| |||| 00| 0 tur d
020 ## - ULUSLARARASI STANDART KİTAP NUMARASI
Uluslararası Standart Kitap Numarası 9786055336455
040 ## - KATALOGLAMA KAYNAK
Orijinal Kataloglama Ajansı TR-AnCHP
Metne Dönüştürmek Ajansı TR-AnCHP
041 ## - DİL KODU
Metin / Ses Parça Veya Ayrı Başlığın Dil Kodu Tur
082 ## - DEWEY ONLU SINIFLANDIRMA NUMARASI
Sınıflandırma Numarası 341.481
Ürün Numarası Ö93a 2012
090 ## - SINIFLAMA NUMARASI
Sınıflama Numarası 341.481 Ö93a 2012
100 ## - ANA GİRİŞ - KİŞİSEL İSİM
Kişisel Ad Özersin, Serdar
Adının Fuller Formu Av.
245 10 - BAŞLIK TABLOSU
Başlık Avrupa insan hakları mahkemesi Türkiye kararları Cilt: 1 :
Başlığın Kalan (1995-2011) /
Sorumluluk Tablosu, Vb Serdar Özersin ; Ahmet Cemal Ruhi.
250 ## - EDITION TABLOSU
Baskı Beyanı 1. bs.
260 ## - YAYIN, DAĞITIM, VB
Yayın, Dağıtım, Vb Yeri Ankara :
Yayıncı, Dağıtıcı, Vs Adı BÜGEV,
Yayın, Dağıtım, Vb Tarihi 2012.
300 ## - FİZİKSEL TANIM
Kapsam c. 1, ıxı: 1020 s. ;
Boyutlar 23 cm.
650 #0 - KONU KATMA GİRİŞ - TOPİKAL DÖNEM
9 (RLIN) 7555
Topikal Süreli Veya Coğrafi Ad Giriş Elemanı Avrupa İnsan Hakları Mahkemesi
Genel Alt Bölümü Karar
Coğrafi Alt Bölümü Türkiye
856 ## - ELEKTRONİK YER VE ERİŞİM
Kamu Notu Dijital Nüshası için Partimizin Kütüphane Sorumlusu ile iletişime geçiniz.
942 ## - EKLENDİ GİRİŞ ELEMANLARI (KOHA)
Sınıflandırma Veya Raf Düzeni Kaynak Dewey Decimal Classification
Koha Öğesi Türü Books
Holdings
Kalıcı Konum Mevcut Konum Edinme Tarihi Toplam Check-Out'Lar Tam Çağrı Numarası Barkod Tarih Son Görülme İtibaren Geçerli Fiyatlar Koha Öğesi Türü
CHP Kütüphanesi CHP Kütüphanesi 02/15/2024   341.481 Ö93a 2012 21001 02/15/2024 02/15/2024 Books